[Event "III. Budapest Open"]
[Site "Budapest, Hungary"]
[Date "2013.08.19"]
[Round "3.20"]
[White "Furedi, Erik"]
[Black "Kovacsy, Barnabas"]
[Result "1/2-1/2"]
[WhiteElo "1927"]
[BlackElo "1508"]
[PlyCount "154"]
[EventDate "2013.??.??"]

1. e4 c5 2. Nf3 e6 3. d4 cxd4 4. Nxd4 a6 5. a3 Nf6 6. Nc3 Qc7 7. Be3 b5 8. Bd3
Bb7 9. O-O Nc6 10. Kh1 Be7 11. f4 d6 12. Qe2 O-O 13. Rfe1 Nd7 14. Qf2 Bf6 15.
Nf3 Rac8 16. Qg3 Rfe8 17. e5 dxe5 18. Ne4 Ne7 19. Nxf6+ Nxf6 20. fxe5 Nfd5 21.
Bg5 Ng6 22. Qh3 Nde7 23. Nh4 Nxh4 24. Qxh4 Ng6 25. Qg3 Bd5 26. c3 Qb7 27. h4 h6
28. Bc1 Qe7 29. Bxg6 fxg6 30. Bf4 Rf8 31. Rad1 Rc4 32. Rd4 Rxd4 33. cxd4 Qf7
34. Rf1 Be4 35. Rf2 Bf5 36. Be3 Qb7 37. Bd2 Qd5 38. Bb4 Rf7 39. Bc5 Qe4 40. Kh2
Qd5 41. Rf1 Qc4 42. Qf3 Kh7 43. b3 Qc2 44. Rf2 Qc1 45. Bb4 Qc8 46. g4 Qd8 47.
Qg3 Qxd4 48. gxf5 Rxf5 49. Rxf5 gxf5 50. h5 Qd7 51. Bd6 Qf7 52. Qf3 Kh8 53. Kh3
f4 54. Qa8+ Kh7 55. Qe4+ Kh8 56. Kg4 Qa7 57. Kxf4 Qf2+ 58. Qf3 Qd4+ 59. Kg3
Qg1+ 60. Kh3 Qg5 61. Bc7 Qc1 62. Bd8 Qxa3 63. Bh4 Qb4 64. Qe3 Qf8 65. Bg3 Qf5+
66. Kh4 Qb1 67. Qf3 Kh7 68. Kg4 Qc2 69. Kf4 Qd2+ 70. Qe3 Qd8 71. Qe4+ Kh8 72.
Kf3 Qd1+ 73. Kf4 Qd8 74. Qg6 Qf8+ 75. Kg4 Qb4+ 76. Kh3 Qxb3 77. Qe8+ Kh7
1/2-1/2

[Event "III. Budapest Open"]
[Site "Budapest, Hungary"]
[Date "2013.08.19"]
[Round "3.21"]
[White "Ronyai, Imre"]
[Black "Czipp, Janos"]
[Result "1/2-1/2"]
[WhiteElo "1591"]
[BlackElo "1417"]
[PlyCount "74"]
[EventDate "2013.??.??"]

1. e4 e5 2. Nf3 Nc6 3. Bb5 Nf6 4. O-O d6 5. Re1 Be7 6. c3 O-O 7. d4 a6 8. Ba4
Bg4 9. d5 Nb8 10. h3 Bxf3 11. Qxf3 Nbd7 12. Nd2 Rc8 13. Nf1 c6 14. dxc6 bxc6
15. Ng3 Nc5 16. Bc2 Nfd7 17. Nf5 Ne6 18. Rd1 Ndc5 19. Qg3 Bg5 20. Nxd6 Nf4 21.
Qe3 Nfe6 22. Qg3 Nf4 23. Qe3 Nfe6 24. Qf3 Rc7 25. Nc4 Qf6 26. b4 Qxf3 27. gxf3
Nd7 28. Rd6 Be7 29. Rd1 Bf6 30. Be3 Nf4 31. Kh2 Ne6 32. Rd2 Rfc8 33. Rad1 Nef8
34. a4 Rb8 35. Nd6 Be7 36. Nf5 Bf6 37. a5 c5 1/2-1/2

[Event "III. Budapest Open"]
[Site "Budapest, Hungary"]
[Date "2013.08.19"]
[Round "3.22"]
[White "Karacsonyi, Kata"]
[Black "Czimer, Jozsef"]
[Result "0-1"]
[WhiteElo "1288"]
[BlackElo "1704"]
[PlyCount "108"]
[EventDate "2013.??.??"]

1. e4 d6 2. d4 Nf6 3. Bd3 Nc6 4. Nf3 Bg4 5. Be3 e5 6. d5 Ne7 7. c4 c5 8. Nc3 a6
9. b3 Ng6 10. h3 Bd7 11. Ne2 Nh5 12. Qd2 Be7 13. O-O O-O 14. Ng3 Nhf4 15. Bxf4
Nxf4 16. Ne2 Nxd3 17. Qxd3 f5 18. exf5 Bxf5 19. Qe3 Bf6 20. Rad1 b5 21. Ng3 Bg6
22. Ne4 Rc8 23. Neg5 Bf5 24. Rfe1 Qe7 25. Ne4 h6 26. cxb5 axb5 27. a4 bxa4 28.
bxa4 Bxe4 29. Qxe4 Ra8 30. Ra1 Ra6 31. Ra2 Rfa8 32. Rea1 Qc7 33. Ra3 Qa5 34.
R1a2 Qb4 35. Qc2 Rb8 36. Nd2 Qd4 37. Rd3 Qh4 38. Nf3 Qh5 39. a5 e4 40. Qc4 exd3
41. Qxa6 Qxd5 42. Rd2 c4 43. Rd1 Ra8 44. Qb6 Rxa5 45. Qe3 Ra2 46. Kh1 Ra1 47.
Rxa1 Bxa1 48. Nh4 Qe5 49. Qf3 d5 50. Ng6 Qe6 51. Qf8+ Kh7 52. Nf4 Qf6 53. Qa8
Qxf4 54. Qxa1 Qxf2 0-1

[Event "III. Budapest Open"]
[Site "Budapest, Hungary"]
[Date "2013.08.19"]
[Round "3.24"]
[White "Gyulai, David"]
[Black "Breznyan, Annamaria"]
[Result "1-0"]
[WhiteElo "1435"]
[BlackElo "1302"]
[PlyCount "95"]
[EventDate "2013.??.??"]

1. e4 Nf6 2. e5 Nd5 3. Bc4 Nb6 4. Bb3 g6 5. f4 Bg7 6. Nf3 d6 7. O-O Nc6 8. c3
O-O 9. d4 dxe5 10. fxe5 Bg4 11. Qe1 Bxf3 12. Rxf3 e6 13. Be3 Nd5 14. Bf2 Qd7
15. Nd2 Kh8 16. Qe4 Rae8 17. Rf1 f6 18. exf6 Rxf6 19. Bh4 Rxf3 20. Nxf3 Rf8 21.
Bg3 Na5 22. Ne5 Rxf1+ 23. Kxf1 Bxe5 24. Qxe5+ Kg8 25. Bxd5 Qxd5 26. Qxd5 exd5
27. b3 c6 28. Bc7 b6 29. Bb8 b5 30. Bxa7 Kf7 31. Bb6 Nb7 32. a4 Ke6 33. a5 Nd6
34. a6 Nc8 35. Bc5 Kf5 36. Ke2 Ke4 37. g3 h5 38. h4 Kf5 39. Kf3 g5 40. hxg5
Kxg5 41. a7 Nxa7 42. Bxa7 Kf5 43. Bc5 Kg5 44. Be7+ Kf5 45. Bh4 Kg6 46. Kf4 Kf7
47. Kf5 b4 48. cxb4 1-0

[Event "III. Budapest Open"]
[Site "Budapest, Hungary"]
[Date "2013.08.19"]
[Round "3.25"]
[White "Danffy, Abel"]
[Black "Breznyan, Dorina"]
[Result "0-1"]
[WhiteElo "1380"]
[BlackElo "1261"]
[PlyCount "170"]
[EventDate "2013.??.??"]

1. e4 Nf6 2. Nc3 d5 3. e5 d4 4. Bc4 Bf5 5. d3 dxc3 6. exf6 exf6 7. Nf3 Bb4 8.
b3 O-O 9. O-O c6 10. d4 b5 11. Bd3 Be6 12. a3 Bd6 13. b4 a5 14. Be3 Nd7 15. Re1
Qc7 16. Qe2 axb4 17. axb4 Bxb4 18. Rxa8 Rxa8 19. g3 Bd6 20. Nh4 b4 21. Nf5 g6
22. Nxd6 Qxd6 23. Bf4 Qe7 24. Be4 Rc8 25. d5 Bg4 26. Qxg4 cxd5 27. Qe2 dxe4 28.
Qxe4 Qf8 29. Qd4 Qd8 30. Qxb4 Qb6 31. Qe4 Qa5 32. Bh6 Qe5 33. Qxe5 Nxe5 34. Rd1
g5 35. h3 Nc4 36. f4 gxf4 37. Bxf4 Kg7 38. g4 Rc5 39. h4 f5 40. g5 Rc6 41. h5
Na3 42. Be5+ Kf8 43. Bf6 Re6 44. h6 Nxc2 45. Bg7+ Ke8 46. Bf6 Kf8 47. Bg7+ Ke8
48. Bf6 Kf8 49. Kf2 Na3 50. Bg7+ Ke8 51. Bf6 Kf8 52. Bg7+ Ke8 53. Bf6 Kf8 54.
Kf3 c2 55. Bg7+ Ke8 56. Rc1 Rd6 57. Ke2 Rb6 58. Kd2 Rb1 59. Be5 Kd7 60. Bf4 Ke6
61. Re1+ Rxe1 62. Kxe1 Kd5 63. Bc1 Nc4 64. Ke2 Ke4 65. Kf2 f4 66. Ke2 Ne3 67.
Kf2 Nd5 68. Kf1 Kf3 69. Ke1 Kg2 70. Bxf4 Nxf4 71. Kd2 Ne6 72. Kxc2 Nxg5 73. Kd3
f5 74. Ke3 Kg3 75. Ke2 f4 76. Kf1 f3 77. Kg1 Nf7 78. Kh1 Kf2 79. Kh2 Ke2 80.
Kg1 f2+ 81. Kh2 f1=Q 82. Kg3 Qf3+ 83. Kh2 Qg4 84. Kh1 Kf2 85. Kh2 Qg2# 0-1

[Event "III. Budapest Open"]
[Site "Budapest, Hungary"]
[Date "2013.08.20"]
[Round "4.1"]
[White "Zoldy, Robert"]
[Black "Erdos, Boglarka"]
[Result "0-1"]
[WhiteElo "1962"]
[BlackElo "2189"]
[PlyCount "122"]
[EventDate "2013.??.??"]

1. e4 Nc6 2. d4 e5 3. dxe5 Nxe5 4. Nf3 Bb4+ 5. c3 Nxf3+ 6. Qxf3 Bc5 7. Bc4 Qf6
8. Qg3 Ne7 9. O-O O-O 10. b4 Bd6 11. f4 Bxb4 12. cxb4 Qd4+ 13. Kh1 Qxc4 14. Nd2
Qc2 15. Rb1 d5 16. Rb2 Qc6 17. f5 f6 18. Nb3 dxe4 19. Bh6 Rf7 20. Nd4 Qd6 21.
Qg4 Qxd4 22. Rd2 Bxf5 23. Rxf5 Qa1+ 24. Rd1 Qxd1+ 25. Qxd1 Nxf5 26. Bf4 Re8 27.
g4 Nd6 28. Qd4 Rfe7 29. Be3 Kh8 30. Kg2 b5 31. Qxa7 Nc4 32. Kf2 Rd7 33. Qc5 Ne5
34. Qxb5 c6 35. Qa6 Nxg4+ 36. Ke2 Ne5 37. Bf4 Nd3 38. Bd2 e3 39. Bxe3 Nxb4 40.
Qc4 Nd5 41. Qxc6 Rxe3+ 42. Kf2 Rd8 43. a4 Rc3 44. Qb5 Nf4 45. Qa5 Rcc8 46. Qf5
Nd3+ 47. Ke2 Ne5 48. h4 Rc4 49. h5 h6 50. a5 Ra4 51. Qe6 Rxa5 52. Qe7 Rb8 53.
Qc7 Rab5 54. Kd2 R5b7 55. Qc5 Rd7+ 56. Ke2 Rd3 57. Qc2 Rbd8 58. Qc7 Ng4 59. Qb6
Re3+ 60. Kf1 Rd1+ 61. Kg2 Rd2+ 0-1

[Event "III. Budapest Open"]
[Site "Budapest, Hungary"]
[Date "2013.08.20"]
[Round "4.2"]
[White "Juhasz, Bela"]
[Black "Papagorasz, Takisz"]
[Result "1-0"]
[WhiteElo "2194"]
[BlackElo "2163"]
[PlyCount "69"]
[EventDate "2013.??.??"]

1. d4 Nf6 2. c4 e6 3. g3 Bb4+ 4. Bd2 c5 5. Bxb4 cxb4 6. Nf3 O-O 7. Bg2 d6 8.
O-O Re8 9. a3 Nc6 10. Nbd2 a5 11. Rc1 bxa3 12. bxa3 e5 13. d5 Nb8 14. c5 dxc5
15. Nc4 e4 16. Nfd2 b5 17. Ne3 Na6 18. Qc2 Bb7 19. Rfd1 Nxd5 20. Nxd5 e3 21.
Nxe3 Bxg2 22. Kxg2 a4 23. Ne4 Qe7 24. Nd6 Red8 25. Nef5 Qe6 26. Qb2 f6 27. Qxb5
g6 28. Nh6+ Kg7 29. Nhf7 Rdb8 30. Qc6 Rc8 31. Qf3 Rf8 32. Rc3 Rab8 33. Re3 Qa2
34. Re7 Qc2 35. Ng5+ 1-0

[Event "III. Budapest Open"]
[Site "Budapest, Hungary"]
[Date "2013.08.20"]
[Round "4.3"]
[White "Farago, Sandor"]
[Black "Mester, Attila"]
[Result "1/2-1/2"]
[WhiteElo "2270"]
[BlackElo "2073"]
[PlyCount "91"]
[EventDate "2013.??.??"]

1. e4 c5 2. Nf3 e6 3. d4 cxd4 4. Nxd4 Nf6 5. Bd3 Nc6 6. c3 d5 7. Nxc6 bxc6 8.
e5 Nd7 9. Qe2 Be7 10. Bf4 Rb8 11. b4 a5 12. a3 d4 13. cxd4 axb4 14. O-O Nb6 15.
Be3 Ra8 16. Qb2 Nd5 17. axb4 Rxa1 18. Qxa1 Nxb4 19. Be4 O-O 20. Nc3 Nd5 21. Bd3
c5 22. Ne4 cxd4 23. Bxd4 Nf4 24. Bc4 Bb7 25. f3 Bxe4 26. fxe4 Ng6 27. Kh1 Qc7
28. Be2 Qc2 29. Bf3 Bg5 30. g3 Qd3 31. h4 Be3 32. Bc3 Rc8 33. Bb4 Nxe5 34. Bg2
Bd4 35. Qd1 Qxd1 36. Rxd1 Bf2 37. Kh2 h5 38. Kh3 Rc4 39. Bd6 Nc6 40. Bf4 e5 41.
Rc1 Rxc1 42. Bxc1 Nd4 43. Bf1 Nb3 44. Bb2 Bd4 45. Ba3 Nd2 46. Bd3 1/2-1/2

[Event "III. Budapest Open"]
[Site "Budapest, Hungary"]
[Date "2013.08.20"]
[Round "4.4"]
[White "Koncz, Imre"]
[Black "Szepes, Tamas"]
[Result "1/2-1/2"]
[WhiteElo "2181"]
[BlackElo "2248"]
[PlyCount "37"]
[EventDate "2013.??.??"]

1. d4 d5 2. c4 e6 3. Nc3 Nf6 4. Bg5 Be7 5. e3 O-O 6. Nf3 h6 7. Bh4 b6 8. cxd5
exd5 9. Rc1 Bb7 10. Bd3 Nbd7 11. O-O c5 12. Qe2 a6 13. Rfd1 c4 14. Bf5 b5 15.
Ne5 Nb6 16. a3 Nfd7 17. Bxe7 Qxe7 18. f4 Rae8 19. Qg4 1/2-1/2

[Event "III. Budapest Open"]
[Site "Budapest, Hungary"]
[Date "2013.08.20"]
[Round "4.5"]
[White "Juhasz, Mark"]
[Black "Meszaros, Andras"]
[Result "0-1"]
[WhiteElo "2154"]
[BlackElo "2261"]
[PlyCount "64"]
[EventDate "2013.??.??"]

1. c4 e6 2. g3 c5 3. Bg2 Nf6 4. Nf3 Nc6 5. O-O Be7 6. Nc3 O-O 7. a3 d5 8. cxd5
exd5 9. d4 cxd4 10. Nxd4 Re8 11. Nxc6 bxc6 12. Be3 Bf8 13. Qd2 Bg4 14. Rac1 Qd7
15. Bd4 Qe6 16. Rfe1 Rad8 17. f3 Bf5 18. Na4 Nd7 19. Qc3 Rc8 20. e4 dxe4 21.
fxe4 Bh3 22. Bxh3 Qxh3 23. b4 Re6 24. Nc5 Bxc5 25. Bxc5 Rce8 26. Bxa7 Nf6 27.
Qf3 Nxe4 28. Qg2 Qg4 29. Rc4 Nd2 30. Rxe6 Qd1+ 31. Kf2 Rxe6 32. Rc1 Re2# 0-1

[Event "III. Budapest Open"]
[Site "Budapest, Hungary"]
[Date "2013.08.20"]
[Round "4.6"]
[White "Szalanczy, Emil"]
[Black "Mihok, Laszlo"]
[Result "1-0"]
[WhiteElo "2285"]
[BlackElo "2102"]
[PlyCount "114"]
[EventDate "2013.??.??"]

1. c4 e5 2. Nc3 d6 3. Nf3 c5 4. g3 g6 5. Bg2 Bg7 6. O-O Nc6 7. d3 Nge7 8. Rb1
O-O 9. a3 a5 10. b3 Kh8 11. Bb2 Bg4 12. h3 Be6 13. Ng5 Bc8 14. e3 h6 15. Nf3
Be6 16. Na4 Rb8 17. Ba1 b5 18. Nc3 bxc4 19. bxc4 Rxb1 20. Qxb1 Qd7 21. Kh2 Rb8
22. Qc2 f5 23. Nd2 Bf7 24. Qa4 Qc7 25. Rc1 Kh7 26. h4 Be8 27. Qc2 Bf7 28. Bf3
Qd8 29. Qa4 Be8 30. Qd1 Bf7 31. Qh1 Qd7 32. Qd1 Qd8 33. Bg2 Qd7 34. Qa4 Qc7 35.
Nd5 Qd8 36. Bc3 Nxd5 37. cxd5 Ne7 38. e4 Be8 39. Qxa5 Qxa5 40. Bxa5 Ra8 41. Bc7
Rxa3 42. Nc4 Rxd3 43. Nxd6 Bd7 44. Rxc5 fxe4 45. Bxe4 Rd2 46. Kg2 Nf5 47. h5
Bf8 48. hxg6+ Kg8 49. Bxf5 Bxf5 50. g7 Bxd6 51. Bxd6 Be4+ 52. Kh3 Kxg7 53.
Bxe5+ Kg6 54. Rc6+ Kf5 55. Bc3 Rd3 56. Kh4 Bxd5 57. Rf6+ Ke4 1-0

[Event "III. Budapest Open"]
[Site "Budapest, Hungary"]
[Date "2013.08.20"]
[Round "4.7"]
[White "Gubics, Peter"]
[Black "Foldi, Martin"]
[Result "1-0"]
[WhiteElo "2113"]
[BlackElo "1783"]
[PlyCount "95"]
[EventDate "2013.??.??"]

1. Nf3 Nf6 2. c4 c5 3. g3 Nc6 4. Bg2 g6 5. O-O Bg7 6. Nc3 O-O 7. d3 d6 8. Rb1
Bg4 9. h3 Bxf3 10. Bxf3 Qd7 11. Bg2 Ne8 12. Bd2 h6 13. a3 e6 14. b4 f5 15. Qa4
cxb4 16. Rxb4 Nf6 17. Bxc6 Qxc6 18. Qxc6 bxc6 19. Rb7 Rfc8 20. Rfb1 e5 21. e4
a6 22. f3 Rd8 23. Na4 Re8 24. Ba5 Rf8 25. Bc7 Ne8 26. Bb8 a5 27. Nb6 Ra6 28.
Nc8 fxe4 29. fxe4 Rf3 30. Nxd6 Nxd6 31. Bxd6 Rxg3+ 32. Kh2 Rxd3 33. c5 Rxa3 34.
Rb8+ Kh7 35. R1b7 Ra2+ 36. Kg3 Ra3+ 37. Kg2 Ra2+ 38. Kf1 Ra1+ 39. Ke2 Ra2+ 40.
Kd1 Ra1+ 41. Kc2 g5 42. Bxe5 Ra2+ 43. Kb1 Kg6 44. Rxg7+ Kh5 45. Kxa2 Kh4 46.
Rh8 Kxh3 47. Rxg5 Kh4 48. Bf6 1-0

[Event "III. Budapest Open"]
[Site "Budapest, Hungary"]
[Date "2013.08.20"]
[Round "4.8"]
[White "Zentai, Peter"]
[Black "Bodrogi, Laszlo"]
[Result "1-0"]
[WhiteElo "2234"]
[BlackElo "2015"]
[PlyCount "91"]
[EventDate "2013.??.??"]

1. d4 e6 2. c4 Nf6 3. g3 c5 4. d5 exd5 5. cxd5 b5 6. e4 Nxe4 7. Qe2 Qe7 8. Bg2
Nd6 9. Be3 Na6 10. Nc3 Rb8 11. O-O-O Kd8 12. Nh3 h6 13. Rhe1 g5 14. Qf3 f5 15.
Bxg5 hxg5 16. Rxe7 Bxe7 17. g4 fxg4 18. Qxg4 Rh4 19. Qe2 b4 20. Re1 Bf6 21. Qf3
Bxc3 22. bxc3 bxc3 23. Qg3 Rhb4 24. Qxd6 Rb1+ 25. Kc2 Rxe1 26. Qf6+ Kc7 27. d6+
Kb6 28. Nxg5 Nb4+ 29. Kxc3 Ba6 30. Bf3 Rc1+ 31. Kd2 Rc2+ 32. Ke3 Re2+ 33. Kf4
Rxf2 34. Kg3 Rxa2 35. h4 Bd3 36. h5 a5 37. h6 Rg8 38. Kf4 Rf2 39. Kg3 Rf1 40.
Kg2 a4 41. h7 Bxh7 42. Kxf1 a3 43. Nxh7 a2 44. Qb2 Re8 45. Nf6 Ka5 46. Nxe8 1-0

[Event "III. Budapest Open"]
[Site "Budapest, Hungary"]
[Date "2013.08.20"]
[Round "4.9"]
[White "Bakk, Zoltan"]
[Black "Toth, Sarolta"]
[Result "1/2-1/2"]
[WhiteElo "2070"]
[BlackElo "2138"]
[PlyCount "64"]
[EventDate "2013.??.??"]

1. d4 Nf6 2. Nf3 e6 3. Bf4 d5 4. e3 c5 5. c3 Nc6 6. Nbd2 Be7 7. Ne5 O-O 8. Bd3
Bd6 9. Bg3 Qc7 10. f4 b6 11. O-O Bb7 12. Bh4 Be7 13. Qf3 g6 14. Qh3 c4 15. Bc2
b5 16. Ndf3 a5 17. Bg5 Ne8 18. Bh6 Ng7 19. Ng5 Bxg5 20. Bxg7 Kxg7 21. fxg5 Nxe5
22. Qg3 b4 23. Qf4 Bc6 24. Qf6+ Kg8 25. dxe5 Qb6 26. Rae1 bxc3 27. Rf4 cxb2 28.
Rh4 Bd7 29. Qf3 Ba4 30. Rxh7 Kxh7 31. Qh5+ Kg8 32. Bxg6 fxg6 1/2-1/2

[Event "III. Budapest Open"]
[Site "Budapest, Hungary"]
[Date "2013.08.20"]
[Round "4.10"]
[White "Csabai, Viktor"]
[Black "Ritter, Gabor Dr"]
[Result "0-1"]
[WhiteElo "2034"]
[BlackElo "2108"]
[PlyCount "156"]
[EventDate "2013.??.??"]

1. e4 g6 2. d4 Bg7 3. Nf3 c6 4. c3 d6 5. h3 Nf6 6. Bd3 Qc7 7. Bg5 Nbd7 8. Nbd2
O-O 9. Nf1 e5 10. dxe5 dxe5 11. Be3 Rd8 12. Ng3 Nf8 13. Qc2 Ne6 14. Ng5 Nf4 15.
Bxf4 exf4 16. Ne2 h6 17. Nf3 Bd7 18. O-O-O Be8 19. g3 fxg3 20. fxg3 Nd7 21. Nf4
Ne5 22. Nxe5 Bxe5 23. Rhf1 Rd6 24. Bc4 b5 25. Bb3 a5 26. a4 Rad8 27. Rxd6 Qxd6
28. Qf2 Kg7 29. Rd1 Qc7 30. Rxd8 Qxd8 31. axb5 cxb5 32. Qa7 Qc7 33. Qxc7 Bxc7
34. Kd2 g5 35. Nh5+ Kf8 36. g4 Be5 37. Bd5 Ke7 38. Ke3 Kd6 39. Kf3 f5 40. Ng3
Bxg3 41. Kxg3 f4+ 42. Kf3 b4 43. cxb4 axb4 44. h4 Kc5 45. hxg5 hxg5 46. Bb7 Ba4
47. Ke2 Bc2 48. Bc8 Bxe4 49. Kf2 Kd4 50. Be6 Kd3 51. Bf5 Kd4 52. Be6 Bd5 53.
Bf5 Bc6 54. Ke2 Kc4 55. Bc2 Bd7 56. Kf3 Bc8 57. Bd1 Kd3 58. Bb3 Bb7+ 59. Kf2
Kd2 60. Be6 Kc2 61. b3 Kc3 62. Ke2 Be4 63. Bf5 Bd5 64. Bg6 Bxb3 65. Kf3 Bc4 66.
Bb1 Bd3 67. Ba2 b3 68. Bxb3 Kxb3 69. Kf2 Be4 70. Ke2 Kc3 71. Kf2 Kd2 72. Kf1
Bf3 73. Kf2 Bxg4 74. Kf1 Ke3 75. Ke1 f3 76. Kf1 Bh3+ 77. Kg1 f2+ 78. Kh2 f1=R
0-1

[Event "III. Budapest Open"]
[Site "Budapest, Hungary"]
[Date "2013.08.20"]
[Round "4.11"]
[White "Alvin, Leo"]
[Black "Peczeli, Zoltan"]
[Result "1-0"]
[WhiteElo "2005"]
[BlackElo "2036"]
[PlyCount "55"]
[EventDate "2013.??.??"]

1. d4 Nf6 2. Nf3 c5 3. d5 b5 4. e3 Bb7 5. c4 bxc4 6. Bxc4 e6 7. Nc3 Qb6 8. O-O
Ba6 9. Bxa6 Nxa6 10. e4 Be7 11. e5 Nxd5 12. Nxd5 exd5 13. Qxd5 Nc7 14. Qd3 Qg6
15. Rd1 Qxd3 16. Rxd3 Rb8 17. b3 Ne6 18. Be3 f6 19. Rad1 Rb7 20. Rd5 Nc7 21.
Rxd7 c4 22. bxc4 fxe5 23. Nxe5 Rf8 24. Nc6 Bf6 25. Bc5 Rg8 26. Be7 Rb6 27. Bxf6
Rxc6 28. Re7+ 1-0

[Event "III. Budapest Open"]
[Site "Budapest, Hungary"]
[Date "2013.08.20"]
[Round "4.12"]
[White "Palla, Akos Botond"]
[Black "Abraham, Lajos"]
[Result "1-0"]
[WhiteElo "2054"]
[BlackElo "1821"]
[PlyCount "91"]
[EventDate "2013.??.??"]

1. e4 c5 2. Nf3 Nc6 3. d4 cxd4 4. Nxd4 a6 5. Be2 e6 6. O-O Bc5 7. Nb3 Bb6 8. c4
d6 9. Nc3 h6 10. Bf4 e5 11. Be3 Bxe3 12. fxe3 Nf6 13. Qe1 O-O 14. Rd1 Qb6 15.
Qg3 Nh7 16. Rxd6 Be6 17. Nd5 Qa7 18. Nc7 Qb8 19. Nxe6 fxe6 20. c5 Rxf1+ 21.
Bxf1 Qe8 22. Bc4 Nf8 23. Qg4 Nd8 24. Nd2 Nf7 25. Bxe6 Nxe6 26. Qxe6 Qxe6 27.
Rxe6 Rd8 28. Nc4 Kf8 29. Nd6 Nxd6 30. cxd6 Rd7 31. Kf2 Kf7 32. Rxe5 Rxd6 33.
Rd5 Ke6 34. Rxd6+ Kxd6 35. Ke2 Ke5 36. Kd3 g6 37. a4 b6 38. g4 g5 39. h3 b5 40.
axb5 axb5 41. b4 Ke6 42. Kd4 Kd6 43. e5+ Kc6 44. e4 Kd7 45. Kd5 Ke7 46. e6 1-0

[Event "III. Budapest Open"]
[Site "Budapest, Hungary"]
[Date "2013.08.20"]
[Round "4.14"]
[White "Heyl, Thomas"]
[Black "Kormos, Adam"]
[Result "0-1"]
[WhiteElo "1997"]
[BlackElo "2198"]
[PlyCount "78"]
[EventDate "2013.??.??"]

1. c4 Nf6 2. g3 g6 3. Bg2 d5 4. cxd5 Nxd5 5. Nc3 Nb6 6. d3 Bg7 7. Be3 h5 8. h4
N8d7 9. Nf3 Nf6 10. O-O c6 11. Qd2 Bg4 12. a4 Qc8 13. a5 Nbd5 14. a6 Nxe3 15.
Qxe3 Bd7 16. axb7 Qxb7 17. Rfb1 Ng4 18. Qc5 O-O 19. Qxe7 Rfe8 20. Qc5 Bf8 21.
Qa5 Bb4 22. Qa6 Qc7 23. Ne4 Rxe4 24. dxe4 Bc5 25. e3 Nxe3 26. fxe3 Qxg3 27. Qe2
Bh3 28. Kf1 Bxe3 29. Bxh3 Qxh3+ 30. Qg2 Qe6 31. Ng5 Qf6+ 32. Nf3 Rb8 33. Ke1
Rb4 34. Ng5 Bxg5 35. hxg5 Qf4 36. Ra3 Rxe4+ 37. Kd1 Rd4+ 38. Ke1 Qe5+ 39. Kf1
Qf5+ 0-1

[Event "III. Budapest Open"]
[Site "Budapest, Hungary"]
[Date "2013.08.20"]
[Round "4.16"]
[White "Lakat, Gyula"]
[Black "Mihaly, Zoltan"]
[Result "0-1"]
[WhiteElo "1863"]
[BlackElo "1774"]
[PlyCount "84"]
[EventDate "2013.??.??"]

1. d4 b5 2. a4 b4 3. a5 Bb7 4. Nf3 e6 5. Nbd2 c5 6. e3 a6 7. Nb3 cxd4 8. exd4
Nf6 9. Bd3 Qc7 10. Qe2 Be7 11. Bd2 O-O 12. h4 Bd5 13. h5 Nc6 14. Kf1 Ng4 15.
Nc5 Bxf3 16. Qxf3 Nh2+ 17. Rxh2 Qxh2 18. Nb3 f5 19. Ke2 Qh4 20. c3 Rab8 21. Nc5
Bxc5 22. dxc5 Ne5 23. Qh3 Qxh3 24. gxh3 Nxd3 25. Kxd3 bxc3 26. Bxc3 Rb3 27. Kc4
Rb5 28. Rd1 d5+ 29. cxd6 Rc8+ 30. Kd3 Rd5+ 31. Ke2 Rxd1 32. Kxd1 Rd8 33. Be5
Kf7 34. f4 g6 35. h6 Rb8 36. Kc2 Rb5 37. Kc3 Rxa5 38. b4 Rd5 39. Kc4 g5 40. d7
gxf4 41. Bxf4 Rxd7 42. Kc5 Rd5+ 0-1

[Event "III. Budapest Open"]
[Site "Budapest, Hungary"]
[Date "2013.08.20"]
[Round "4.18"]
[White "Kovacsy, Barnabas"]
[Black "Bartuszek, Andras"]
[Result "0-1"]
[WhiteElo "1508"]
[BlackElo "1844"]
[PlyCount "120"]
[EventDate "2013.??.??"]

1. e4 c5 2. Nf3 d6 3. d4 cxd4 4. Nxd4 Nf6 5. Nc3 a6 6. Bg5 e6 7. f4 Be7 8. Qf3
Qc7 9. O-O-O Nbd7 10. g4 h6 11. Bh4 g5 12. Bg3 gxf4 13. Bf2 Ne5 14. Qxf4 Nfxg4
15. Kb1 Nxf2 16. Qxf2 Bd7 17. Be2 Qc5 18. Qe1 b5 19. Nb3 Qc7 20. a3 Rc8 21. Qf1
Nc4 22. Bxc4 bxc4 23. Nd2 Qc5 24. Qg1 Bf6 25. Qxc5 Rxc5 26. Ne2 Ke7 27. Rhf1
Be5 28. Nf3 Rb8 29. Nxe5 Rxe5 30. Nc3 Bc6 31. Rf4 d5 32. Rdf1 Rf8 33. exd5 Bxd5
34. Nxd5+ exd5 35. Rf6 Re1+ 36. Rxe1+ Kxf6 37. Kc1 Rg8 38. Rf1+ Ke6 39. Re1+
Kd6 40. Rf1 Ke7 41. Re1+ Kf8 42. Re2 Rg6 43. Kd2 Re6 44. Rf2 Ke7 45. b3 cxb3
46. cxb3 Rg6 47. Kd3 f6 48. b4 Kd6 49. a4 h5 50. Rf5 h4 51. Rf4 Rh6 52. Kd4 h3
53. Rf5 Rh4+ 54. Kc3 Ke6 55. Rf3 Ke5 56. Rg3 f5 57. Rg6 Rc4+ 58. Kb3 f4 59. Rh6
f3 60. Rxh3 Rf4 0-1

[Event "III. Budapest Open"]
[Site "Budapest, Hungary"]
[Date "2013.08.20"]
[Round "4.19"]
[White "Czimer, Jozsef"]
[Black "Adrien, Vincent"]
[Result "0-1"]
[WhiteElo "1704"]
[BlackElo "1994"]
[PlyCount "158"]
[EventDate "2013.??.??"]

1. e4 e5 2. Nf3 Nc6 3. Bb5 f5 4. d3 fxe4 5. dxe4 Nf6 6. O-O d6 7. Bg5 Be6 8. c3
Be7 9. Qa4 O-O 10. Nbd2 Qe8 11. Bc4 Qf7 12. Bxe6 Qxe6 13. Qb3 Qxb3 14. axb3 h6
15. Be3 Kh7 16. Ne1 Ng4 17. Nc2 Nxe3 18. Nxe3 Bg5 19. Rfe1 a5 20. Re2 Bxe3 21.
Rxe3 b5 22. f3 Rfb8 23. Kf2 Nd8 24. Rd3 Ne6 25. Re3 Kg8 26. g3 Kf7 27. Ke2 Ke7
28. Kd1 Rb6 29. Kc2 Rba6 30. Ra2 a4 31. bxa4 Rxa4 32. Rxa4 Rxa4 33. Re1 b4 34.
Rb1 bxc3 35. bxc3 Nc5 36. Nb3 Ne6 37. h4 h5 38. Nd2 Nc5 39. Nb3 Ne6 40. Nd2 Kd7
41. Rb2 Ra8 42. Rb1 Kc6 43. Nb3 g5 44. hxg5 Nxg5 45. Nd2 Rf8 46. Rf1 Ne6 47.
Rh1 Rg8 48. Rh3 Kd7 49. Kd1 c6 50. Ke2 h4 51. Rxh4 Rxg3 52. Rh7+ Rg7 53. Rxg7+
Nxg7 54. Nc4 Ne6 55. Ke3 Nc7 56. Nb6+ Ke6 57. c4 Na6 58. f4 exf4+ 59. Kxf4 Nc5
60. Nc8 Kd7 61. Na7 Kc7 62. Kf5 Nd3 63. Nb5+ cxb5 64. cxb5 Kd7 65. Kf6 Ne5 66.
Kf5 Ke7 67. Kf4 Ke6 68. Ke3 Nc4+ 69. Kd4 Na5 70. b6 Nb7 71. Kc4 Nd8 72. Kd3 Ke5
73. Ke3 Nb7 74. Kd3 Na5 75. Kc3 Kxe4 76. Kb4 Nb7 77. Kb5 Kd5 78. Kb4 Kc6 79.
Kc4 Kxb6 0-1

[Event "III. Budapest Open"]
[Site "Budapest, Hungary"]
[Date "2013.08.20"]
[Round "4.20"]
[White "Rajcsanyi, Peter"]
[Black "Kancz, Csaba"]
[Result "1-0"]
[WhiteElo "1850"]
[BlackElo "1648"]
[PlyCount "81"]
[EventDate "2013.??.??"]

1. e4 c5 2. Nf3 d6 3. d4 cxd4 4. Nxd4 Nf6 5. Nc3 a6 6. Bg5 e5 7. Nf5 Bxf5 8.
exf5 Be7 9. Be2 Nc6 10. Qd2 b5 11. Bf3 Rc8 12. Be3 h6 13. a3 Qc7 14. O-O Na5
15. Bd5 Nc4 16. Bxc4 Qxc4 17. Rad1 Ne4 18. Nxe4 Qxe4 19. Qd3 Qxd3 20. cxd3 O-O
21. Rc1 d5 22. g3 d4 23. Bd2 f6 24. b4 Bd6 25. Rxc8 Rxc8 26. Rc1 Rxc1+ 27. Bxc1
h5 28. Kg2 Kf7 29. Kf3 g5 30. h3 Ke7 31. Ke4 Kd7 32. f4 gxf4 33. gxf4 Kc6 34.
fxe5 fxe5 35. Bd2 Bb8 36. f6 Kd6 37. Kf5 Kd5 38. Be1 Bd6 39. Bg3 Bc7 40. f7 Bd6
41. Bxe5 1-0

[Event "III. Budapest Open"]
[Site "Budapest, Hungary"]
[Date "2013.08.20"]
[Round "4.22"]
[White "Czipp, Janos"]
[Black "Furedi, Erik"]
[Result "0-1"]
[WhiteElo "1417"]
[BlackElo "1927"]
[PlyCount "70"]
[EventDate "2013.??.??"]

1. d4 d5 2. Nf3 c5 3. g3 cxd4 4. Qxd4 Nc6 5. Qd1 e5 6. Bg2 Be7 7. O-O Nf6 8. b3
O-O 9. Bb2 Qc7 10. Re1 Bf5 11. Nh4 Be6 12. c3 Rad8 13. Qc2 g6 14. e4 dxe4 15.
Nd2 Nb4 16. Qd1 Nd3 17. Qc2 Nxe1 18. Rxe1 Qb6 19. Bxe4 Nxe4 20. Nxe4 f6 21. c4
Rd7 22. Bc1 Rfd8 23. Be3 Qc6 24. f3 b6 25. Qf2 Rd3 26. Ng2 f5 27. Bg5 Qc7 28.
Bxe7 Qxe7 29. Qe2 fxe4 30. Qxe4 Bf5 31. Qh4 Qxh4 32. Nxh4 Rd1 33. Kf2 R8d2+ 34.
Re2 Rxe2+ 35. Kxe2 Rh1 0-1

[Event "III. Budapest Open"]
[Site "Budapest, Hungary"]
[Date "2013.08.20"]
[Round "4.23"]
[White "Breznyan, Dorina"]
[Black "Ronyai, Imre"]
[Result "1-0"]
[WhiteElo "1261"]
[BlackElo "1591"]
[PlyCount "56"]
[EventDate "2013.??.??"]

1. d4 Nf6 2. Nf3 g6 3. Bf4 d6 4. e3 Bg7 5. Bd3 O-O 6. O-O Nbd7 7. Nbd2 c6 8. c4
Re8 9. b4 e5 10. Bg5 Qb6 11. Qb1 a5 12. c5 Qxb4 13. cxd6 exd4 14. exd4 Qxd6 15.
Bc4 b5 16. Bd3 Bb7 17. Qc2 Rac8 18. Rfc1 a4 19. Bxf6 Qxf6 20. Ne4 Qf4 21. Qd2
Qb8 22. Qa5 f5 23. Neg5 h6 24. Nh3 Qd6 25. Qa7 Ba8 26. Re1 Red8 27. Rad1 Qa3
28. Re2 Kf7 1-0